000
00266nam a22001217a 4500
008
180208b xxu||||| |||| 00| 0 eng d
041
_a
eng
080
_a
2
100
_a
24
101
_a
TEO
245
_a
The bible its origing and nature
_c
Dods,M
942
_2
udc
_c
BK
999
_c
42070
_d
42070